The pesticide manual : a world compendium. (12th ed.) (Record no. 81853)

MARC details
000 -LEADER
fixed length control field 00891nam a2200217 a 4500
008 - FIXED-LENGTH DATA ELEMENTS--GENERAL INFORMATION
fixed length control field 120416s2000 ||||||||||||||||| || u
020 ## - INTERNATIONAL STANDARD BOOK NUMBER
International Standard Book Number 1901396126
050 ## - LIBRARY OF CONGRESS CALL NUMBER
Classification number SB 950.95 Pes
100 ## - MAIN ENTRY--PERSONAL NAME
Personal name Tomlin, C. D. S
245 14 - TITLE STATEMENT
Title The pesticide manual : a world compendium. (12th ed.)
Statement of responsibility, etc. edited by C. D. S. Tomlin
250 ## - EDITION STATEMENT
Edition statement 12th ed.
260 ## - PUBLICATION, DISTRIBUTION, ETC.
Place of publication, distribution, etc. Fanham, Surrey
Name of publisher, distributor, etc. British Crop Protection Council
Date of publication, distribution, etc. 2000
300 ## - PHYSICAL DESCRIPTION
Extent xvi, 1250p. : ill.
350 ## -
-- 0.00
650 ## - SUBJECT ADDED ENTRY--TOPICAL TERM
Topical term or geographic name entry element PESTICIDES--HANDBOOKS, MANUALS, ETC
650 #0 - SUBJECT ADDED ENTRY--TOPICAL TERM
Topical term or geographic name entry element CHEMISTRY, AGRICULTURE
650 ## - SUBJECT ADDED ENTRY--TOPICAL TERM
Topical term or geographic name entry element PESTICIDES
710 ## - ADDED ENTRY--CORPORATE NAME
Corporate name or jurisdiction name as entry element British Crop Protection Council
995 ## -
-- REFERENCE BOOKS
-- 0.00
-- 735677
-- CBU-MAIN LIBRARY (Kitwe)
-- 1
-- 95.00
-- SB 950.95 Pes
-- 1
-- REFERENCE
-- 48654
-- Reference Collection
995 ## -
-- REFERENCE BOOKS
-- 0.00
-- 735678
-- CBU-MAIN LIBRARY (Kitwe)
-- 2
-- 95.00
-- SB 950.95 Pes
-- 2
-- REFERENCE
-- 48655
-- Reference Collection
999 ## -
-- 81853
-- 81853
Holdings
Withdrawn status Lost status Source of classification or shelving scheme Damaged status Not for loan Permanent Location Current Location Shelving location Date acquired Total Checkouts Full call number Barcode Date last seen Copy number Price effective from Koha item type
          CBU-MAIN LIBRARY, KITWE. CBU-MAIN LIBRARY, KITWE.   09/12/2023   SB 950.95 Pes 48654 09/12/2023 1 09/12/2023 REFERENCE COLLECTION
          CBU-MAIN LIBRARY, KITWE. CBU-MAIN LIBRARY, KITWE.   09/12/2023   SB 950.95 Pes 48655 09/12/2023 2 09/12/2023 REFERENCE COLLECTION